000 00581cam a2200181 4500
001 D1111
008 090401t1985 xxu||||| |||| 00| 0 eng d
035 _a(Sirsi) u62567
041 _aeng
050 _a368.1
110 _aAtkins Planning
_91712
245 _aLatent defects in buildings: an analysis of insurance possibilities: a report/prepared by Atkins Planning for Building EDC Insurance Feasibility Steering Committee
260 _aLondon
_bNational Economic Development Office
_c1985
300 _aviii. 143p. 29cm
350 _a20
942 _n0
948 _c04/03/1997
999 _c94443
_d94443